000 00554nam a2200169Ia 4500
005 20260601193254.0
008 260601s9999||||xx |||||||||||||| ||und||
020 _a978-3-031-67871-4
_qebk
100 _aHenry Han
245 0 _aRecent Advances in Next-Generation Data Science
250 _a2024
260 _aHeidelberg, Germany
_bSpringer Nature
_c2024
440 _aCommunications in Computer and Information Science
650 _aComputer Science
856 _uhttps://link.springer.com/openurl?genre=book&isbn=978-3-031-67871-4
942 _cEB
_2ddc
999 _c56827
_d56827